LEADER 02209oam 2200421zu 450 001 996202057103316 005 20210807002649.0 010 $a1-5090-8858-X 035 $a(CKB)1000000000331064 035 $a(SSID)ssj0000454895 035 $a(PQKBManifestationID)12161054 035 $a(PQKBTitleCode)TC0000454895 035 $a(PQKBWorkID)10398981 035 $a(PQKB)10079517 035 $a(NjHacI)991000000000331064 035 $a(EXLCZ)991000000000331064 100 $a20160829d2007 uy 101 0 $aeng 135 $aur||||||||||| 181 $ctxt 182 $cc 183 $acr 200 00$a12th IEEE International Conference on Engineering Complex Computer Systems (ICECCS 2007): Auckland, New Zealand - 10-14 July 2007 210 31$a[Place of publication not identified]$cIEEE Computer Society Press$d2007 215 $a1 online resource (xiv, 383 pages) $cillustrations 300 $aBibliographic Level Mode of Issuance: Monograph 311 $a0-7695-2895-3 330 $aThe goal of this conference is to bring together industrial, academic, and government experts, from a variety of user domains and software disciplines, to report on how the disciplines' problems and solution techniques interact within the whole system. ICECCS 2007 focuses long-term research issues, near-term complex system requirements and promising tools, existing complex systems, and commercially available tools. Contents: Real-Time Systems; Modeling and Verification; Safety and Security; Context Awareness and Ubiquitous Computing; Formal Languages; Software Architecture; Addressing Complexity with Autonomic Systems; Complex Program Verifier; Advances in the FMICS-jETI Platform for Program Verification; Selected Papers from the UML 2007 & AADL 2007 Workshop. 606 $aSystem design$vCongresses 606 $aSystems engineering$vCongresses 615 0$aSystem design 615 0$aSystems engineering 676 $a004.21 801 0$bPQKB 906 $aPROCEEDING 912 $a996202057103316 996 $a12th IEEE International Conference on Engineering Complex Computer Systems (ICECCS 2007): Auckland, New Zealand - 10-14 July 2007$92376454 997 $aUNISA LEADER 01150nam0 22003011i 450 001 UON00343311 005 20231205104306.992 010 $a35-962702-7-8 100 $a20091105d1978 |0itac50 ba 101 $ager 102 $aDE 105 $a|||| 1|||| 200 1 $aDramen$fElias Canetti 210 $aFrankfurt am Main$cFischer Taschenbuch$d1978 215 $a252$d21 cm. Contiene 464 1$1001UON00343317$12001 $aˆDie ‰Befristeten$fElias Canetti 464 1$1001UON00343314$12001 $aHochzeit$fElias Canetti 464 1$1001UON00343315$12001 $aKomödie der Eitelkeit$fElias Canetti 620 $aDE$dFrankfurt am Main$3UONL003175 676 $a833.91$cNarrativa tedesca, 1900-1990$v21 700 1$aCanetti$bElias$3UONV052664$0131428 712 $aFischer Taschenbuch$3UONV247055$4650 801 $aIT$bSOL$c20240220$gRICA 899 $aSIBA - SISTEMA BIBLIOTECARIO DI ATENEO$2UONSI 912 $aUON00343311 950 $aSIBA - SISTEMA BIBLIOTECARIO DI ATENEO$dSI TED 26 I CAN 04 bis $eSI LO 19037 5 04 bis 996 $aDramen$91361129 997 $aUNIOR